| 000 -LEADER |
| fixed length control field |
01190nam a22002177a 4500 |
| 003 - CONTROL NUMBER IDENTIFIER |
| control field |
OSt |
| 005 - DATE AND TIME OF LATEST TRANSACTION |
| control field |
20260128094036.0 |
| 008 - FIXED-LENGTH DATA ELEMENTS--GENERAL INFORMATION |
| fixed length control field |
230730b ||||| |||| 00| 0 eng d |
| 040 ## - CATALOGING SOURCE |
| Transcribing agency |
SSBUL |
| 041 ## - LANGUAGE CODE |
| Language code of text/sound track or separate title |
Shan |
| 082 ## - DEWEY DECIMAL CLASSIFICATION NUMBER |
| Classification number |
001.01 |
| 245 ## - TITLE STATEMENT |
| Title |
သၢႆၸႂ်မႁႃၽေႃးထိ / |
| Statement of responsibility, etc. |
ၸဝ်ႈၶူး Dr. ၼေႃႇၶမ်းလထမ်ႇမသႃႇမိ၊ ၸဝ်ႈၶူးၺႃႇၼသီႇရိ (ၸဝ်ႈမၢၼ်ႇတႃဢွၼ်ႇ၊ သီႇရိဢွၼ်ႇ) ၶပ်းၶိုင်- |
| 260 ## - PUBLICATION, DISTRIBUTION, ETC. |
| Name of publisher, distributor, etc. |
ႁူင်းၽိမ်းဢိတ်ႇလိၵ်ႈမႄႈသၢႆ |
| Date of publication, distribution, etc. |
2015 |
| 300 ## - PHYSICAL DESCRIPTION |
| Extent |
300 ၼႃႈ |
| Other physical details |
ပႃးၶႅပ်းႁၢင်ႈ (သီ) |
| Dimensions |
26 ၸိၼ်ႇထီႇ |
| 500 ## - GENERAL NOTE |
| General note |
ပႃးပပ်ႉၸဝ်ႈတႃႇၼႁင်ႈၶေႃတွၵ်ႉတိူဝ်ႇၸၢႆးဢွင်ႇထုၼ်းလူႇတၢၼ်းဝႆႉပပ်ႉၼိုင်ႈ၊ မၢႆ-2529 |
|
| General note |
S-SAT: Dr. Prof Sai Aung Tun |
| 650 ## - SUBJECT ADDED ENTRY--TOPICAL TERM |
| Topical term or geographic name entry element |
ပႁုသုတ (တၢင်းႁူႉၵူႈလွင်ႈလွင်ႈ) |
| 942 ## - ADDED ENTRY ELEMENTS (KOHA) |
| Koha item type |
Books (Long term) |
|
| Source of classification or shelving scheme |
|
|
| Source of classification or shelving scheme |
|